|
|
|
|
| LEADER |
00000cam a22000004a 4500 |
| 001 |
musev2_49779 |
| 003 |
MdBmJHUP |
| 005 |
20230905045153.0 |
| 006 |
m o d |
| 007 |
cr||||||||nn|n |
| 008 |
160908t20172017nmu o 00 0 eng d |
| 010 |
|
|
|z 2016041465
|
| 020 |
|
|
|a 9780826357533
|
| 020 |
|
|
|z 9780826357526
|
| 035 |
|
|
|a (OCoLC)958205577
|
| 040 |
|
|
|a MdBmJHUP
|c MdBmJHUP
|
| 100 |
1 |
|
|a Waters, Frank,
|d 1902-1995,
|e author.
|
| 245 |
1 |
0 |
|a Deep Waters :
|b Frank Waters Remembered in Letters and Commentary /
|c Alan Louis Kishbaugh.
|
| 264 |
|
1 |
|a Albuquerque :
|b University of New Mexico Press,
|c 2017.
|
| 264 |
|
3 |
|a Baltimore, Md. :
|b Project MUSE,
|c 2017
|
| 264 |
|
4 |
|c ©2017.
|
| 300 |
|
|
|a 1 online resource (376 pages).
|
| 336 |
|
|
|a text
|b txt
|2 rdacontent
|
| 337 |
|
|
|a computer
|b c
|2 rdamedia
|
| 338 |
|
|
|a online resource
|b cr
|2 rdacarrier
|
| 505 |
0 |
|
|a Front Cover; Title Page ; Copyright; Contents; Preface; Acknowledgments; Introduction; Chapter One: 1967 to 1970; Chapter Two: 1971 to 1974; Chapter Three: 1975 to 1978; Chapter Four: 1979 to 1982; Chapter Five: 1983 to 1986; Chapter Six: 1987 to 1990; Chapter Seven: 1991 to 1994; Chapter Eight: 1995 to 1996; Epilogue; Back Cover.
|
| 520 |
|
|
|a A lively introduction to the breadth of Waters's work, Deep Waters touches on themes of ecology, philosophy, pre-Columbiana, Eastern philosophy, Egyptology, American Indians, and a host of other subjects reflecting the great cultural shifts occurring at the time.
|
| 588 |
|
|
|a Description based on print version record.
|
| 600 |
1 |
7 |
|a Waters, Frank,
|d 1902-1995.
|2 fast
|0 (OCoLC)fst01433544
|
| 600 |
1 |
7 |
|a Kishbaugh, Alan Louis.
|2 fast
|0 (OCoLC)fst01992260
|
| 600 |
1 |
0 |
|a Kishbaugh, Alan Louis
|v Correspondence.
|
| 600 |
1 |
0 |
|a Waters, Frank,
|d 1902-1995
|v Correspondence.
|
| 650 |
|
7 |
|a Literature.
|2 fast
|0 (OCoLC)fst00999953
|
| 650 |
|
7 |
|a Authors, American.
|2 fast
|0 (OCoLC)fst00821764
|
| 650 |
|
7 |
|a LITERARY CRITICISM
|x American
|x General.
|2 bisacsh
|
| 650 |
|
6 |
|a Écrivains americains
|y 20e siecle
|v Biographies.
|
| 650 |
|
0 |
|a Authors, American
|y 20th century
|v Biography.
|
| 651 |
|
7 |
|a New Southwest.
|2 fast
|0 (OCoLC)fst01244556
|
| 651 |
|
6 |
|a États-Unis (Nouveau Sud-Ouest)
|x Dans la litterature.
|
| 651 |
|
0 |
|a Southwest, New
|x In literature.
|
| 655 |
|
7 |
|a Personal correspondence.
|2 fast
|0 (OCoLC)fst01919948
|
| 655 |
|
7 |
|a Biographies.
|2 fast
|0 (OCoLC)fst01919896
|
| 655 |
|
7 |
|a Electronic books.
|2 local
|
| 700 |
1 |
|
|a Kishbaugh, Alan Louis,
|e author.
|
| 710 |
2 |
|
|a Project Muse.
|e distributor
|
| 830 |
|
0 |
|a Book collections on Project MUSE.
|
| 856 |
4 |
0 |
|z Texto completo
|u https://projectmuse.uam.elogim.com/book/49779/
|
| 945 |
|
|
|a Project MUSE - Custom Collection
|
| 945 |
|
|
|a Project MUSE - 2017 Complete
|
| 945 |
|
|
|a Project MUSE - 2017 Literature
|